Statistics for Chain Reaction #2

Click here to take the quiz!

General Stats

  • This quiz has been taken 118 times
  • The average score is 3 of 12

Answer Stats

HintAnswer% Correct
C - Dairy productCheese
100%
CCake
37%
WWalk
27%
OOn
24%
TTime
14%
GGraph
10%
LLine
10%
MMate
8%
PPaper
8%
RRoom
8%
WWeight
8%
SSelection
1%

Score Distribution

Percentile by Number Answered

Percent of People with Each Score

Your Score History

You have not taken this quiz